Missing Word: 'R' European History Quiz Stats

 Plays Quiz Updated Sep 4, 2016

Challenge
Share
Tweet
Embed
Score 0/30 Timer 03:00
2 Plays Today
Hint Answer % Correct
Holy ____ EmpireRoman
96.9%
Jack the ____ - serial killerRipper
95.8%
____ the Lionheart - King of England Richard
92.1%
____ of TerrorReign
91.9%
Erik the ____ - Viking explorerRed
85.6%
Romulus and ____ - legendary foundersRemus
85.5%
Wars of the ____Roses
81.5%
____ Descartes - philosopherRené
79.8%
Italian ____ - cultural movementRenaissance
77.6%
Colossus of ____ - ancient wonderRhodes
72.6%
____ RevolutionRussian
71.7%
Erwin ____ - WWII generalRommel
70.4%
____ the Bruce - King of ScotsRobert
67.6%
Grigori ____ - Russian adviser and mysticRasputin
63.9%
Protestant ____ Reformation
63.8%
Hint Answer % Correct
Auguste ____ - sculptorRodin
62.2%
Weimar ____Republic
59.7%
____ van Rijn - painterRembrandt
58.6%
Maximilien ____ - French RevolutionaryRobespierre
57.6%
Glorious ____ Revolution
57.3%
____ Free EuropeRadio
53.2%
____ of East and West GermanyReunification
52.5%
Jean-Jacques ____ - enlightenment philosopherRousseau
51.5%
Crossing the ____ Rubicon
47.3%
Peter Paul ____ - painterRubens
44.7%
____ - 18th century artistic styleRococo
39.8%
____ fire - BerlinReichstag
31.4%
Pugachev's ____Rebellion
24.4%
Erasmus of ____ - humanist and priestRotterdam
23.4%
____ Franklin - X-ray crystallographerRosalind
13.5%

Today's Daily Dose

You're not logged in!

Compare scores with friends on all Sporcle quizzes.
OR
Log In

You Might Also Like...

Show Comments

Extras

Top Quizzes Today


Score Distribution

Your Account Isn't Verified!

In order to create a playlist on Sporcle, you need to verify the email address you used during registration. Go to your Sporcle Settings to finish the process.

Report this User

Report this user for behavior that violates our Community Guidelines.

Details: